00730nam a2200169 a 450000500170000000800410001702000180005805000230007624500480009926000350014730000170018244000380019950000200023752002680025765000110052565000240053620140412111311.0010326s19uu xx 00 eng d a0-7835-1300-3 aREF 170bC54Na v.1 aThe naughty mole :ba book about obedience. aAsia :bTime Life Asia,c1997. a28 p. ; ill. aA Child's First Library of Values aw/ casette tape aWithout telling his parents, Ben the mole sets out alone on an exciting adventures in the snow. But things soon start to go wrong when he gets lost and then falls into an icy pond. Ben's lucky escape makes him decide that he will listen to his parents in future. aValues aObedience - Fiction